000 00349nam a2200157Ia 4500
003 Ost
005 20260225132541.0
008 260225s9999||||xx |||||||||||||| ||und||
040 _cfsic
041 _afre
082 _a327
100 _aIBN Kaaldoun
_eAuteur
245 0 _apeuple et nation du monde /
245 0 _cIBN Kaaldoun
942 _cكتاب
999 _c33519
_d33519